LEADER 01067nam a2200217 i 4500 001 000000365437 003 CaOOAMICUS 005 20251202162906.0 008 251125s1899 it u000 u mul u 013 $a204962 040 $aSeMil$bita 100 1 $aFranchi de' Cavalieri, Pio,$d<1869-1960>.$0(OLS)http://semarc/name/9626 245 10$aS. Agnese nella tradizione e nella leggenda /$cPio Franchi de' Cavalieri. 260 $aRoma :$bHerdersche Verlagshandlung,$c1899. 300 $a95 p. ;$c26 cm. 490 0 $aRömische Quartalschrift für christliche Altertumskunde und Kirchengeschichte. Supplementhefte ;$v10 600 04$aAgnese : di Roma .$0(OLS)http://semarc/subject/36316 830 0$aRömische Quartalschrift für christliche Altertumskunde und Kirchengeschichte. Supplementhefte ;$v10.$0(OLS)http://semarc/title/16139 996 $6245$aS. Agnese nella tradizione e nella leggenda$9(OLS)http://semarc/title/457019 996 $6260$aRoma :$bHerdersche Verlagshandlung$9(OLS)http://semarc/publisher/53448 LEADER 01510nam a2200277 i 4500 001 000000206130 003 CaOOAMICUS 005 20220329120246.0 008 110919s1621 it u000 u ita u 013 $a184880 026 $aelua r-di ree- prtr (3) 1621 (R) 040 $aSeMil$bita 100 1 $aPontano, Giacomo,$d<1542-1626>.$0(OLS)http://semarc/name/93883 245 10$aBrieve scelta de civili costumi estratti dal secondo volume de Dialogi latini. Del p. Giacomo Pontano della Compagnia di Giesu ... Nouamente a beneficio commune tradotti da Paolo Emilio Parlaschino. 260 $aIn Milano :$bAppresso Gio. Battista Bidelli,$c1621. 300 $a48 p. ;$c12°. 500 $aRilegato insieme a 1P-II-23, 24, 25 FA 500 $aMarca editoriale: Un gatto con un topo in bocca. In una cornice figurata. (O275). 500 $aSegn.: A-B12 700 1 $aParlaschini, Paolo Emilio.$0(OLS)http://semarc/name/74145 700 1 $aBidelli, Giovanni Battista$b<1,$cEditore,$d1610-1654>.$0(OLS)http://semarc/name/11300 850 $aSeMil 852 $aSeMil$W1$xVenegono$y1$m1P II 22 FA$j156613$B156613$CSeMilBibl$Z2$F167851 $8I 996 $6245$aBrieve scelta de civili costumi estratti dal secondo volume de Dialogi latini. Del p. Giacomo Pontano della Compagnia di Giesu ... Nouamente a beneficio commune tradotti da Paolo Emilio Parlaschino$9(OLS)http://semarc/title/298285 996 $6260$aIn Milano :$bAppresso Gio. Battista Bidelli$9(OLS)http://semarc/publisher/45974